[Event "Open de Montreal"]
[Site "Montreal CAN"]
[Date "1993.05.22"]
[Round "2"]
[White "Bolduc, Steve"]
[Black "Laplante, Sylvain"]
[Result "1-0"]
[WhiteElo "2093"]
[BlackElo "1898"]
[PlyCount "77"]
[GameId "2160767912278823"]
[EventDate "1993.05.21"]
[EventType "swiss"]
[EventRounds "5"]
[EventCountry "CAN"]
[SourceTitle "hb 2011"]

1. d4 d5 2. c4 e6 3. Nc3 Nf6 4. Bg5 Be7 5. e3 O-O 6. cxd5 exd5 7. Bd3 h6 8. Bh4 c6 9. Qc2 b6 10. Nge2 Ba6 11. O-O Bxd3 12. Qxd3 Nbd7 13. f3 c5 14. dxc5 Nxc5 15. Qd2 Nfe4 16. fxe4 Bxh4 17. Qxd5 Qe7 18. Nd4 Bf6 19. Nf5 Qe5 20. Rad1 Rae8 21. Nd6 Re6 22. Nc4 Qc7 23. Nb5 Qe7 24. Nd4 Rxe4 25. b4 Rd8 26. Nc6 Rxd5 27. Nxe7+ Bxe7 28. Rxd5 Rxc4 29. bxc5 Bxc5 30. Rd8+ Kh7 31. Rxf7 Bxe3+ 32. Kf1 Rf4+ 33. Rxf4 Bxf4 34. g3 Be3 35. Ke2 Bc5 36. Kf3 Kg6 37. Ke4 Kf6 38. Kd5 Kg5 39. Rd7 1-0

[Event "Open de Montreal"]
[Site "Montreal CAN"]
[Date "1993.05.22"]
[Round "3"]
[White "Gaudreau, Alain"]
[Black "Bolduc, Steve"]
[Result "0-1"]
[WhiteElo "1964"]
[BlackElo "2093"]
[PlyCount "96"]
[GameId "2160767912278826"]
[EventDate "1993.05.21"]
[EventType "swiss"]
[EventRounds "5"]
[EventCountry "CAN"]
[SourceTitle "hb 2011"]

1. e4 c6 2. d4 d5 3. Nc3 dxe4 4. Nxe4 Nd7 5. Nf3 Ngf6 6. Ng3 e6 7. Bc4 c5 8. O-O Qc7 9. Qe2 Be7 10. Ng5 Nb6 11. Bb5+ Bd7 12. Bxd7+ Nbxd7 13. Re1 O-O 14. dxc5 Nxc5 15. Bd2 h6 16. Nf3 Nd5 17. Ne5 Bd6 18. Ng4 Bf4 19. Bxf4 Nxf4 20. Qc4 b5 21. Qf1 a6 22. Rab1 Rad8 23. Ne2 Rd2 24. Nxf4 Qxf4 25. Ne3 Ne4 26. Re2 Rfd8 27. Rbe1 R2d4 28. f3 Ng5 29. Qf2 h5 30. c3 Rd3 31. h4 Nh7 32. Nc2 Nf6 33. Nd4 Rd5 34. Re3 Rxe3 35. Rxe3 Qd6 36. Re2 b4 37. Qe3 bxc3 38. bxc3 Rc5 39. Nb3 Rc4 40. Rd2 Qc7 41. Qd3 Nd5 42. Nd4 Rxc3 43. Qxa6 Rc1+ 44. Kf2 Qh2 45. Ne2 Qxh4+ 46. Ng3 Rc4 47. Qb5 Qf4 48. Re2 Qd4+ 0-1

[Event "Open de Montreal"]
[Site "Montreal CAN"]
[Date "1993.05.23"]
[Round "4"]
[White "Bolduc, Steve"]
[Black "Delisle, Claude"]
[Result "1/2-1/2"]
[WhiteElo "2093"]
[BlackElo "1996"]
[PlyCount "85"]
[GameId "2160767912278829"]
[EventDate "1993.05.21"]
[EventType "swiss"]
[EventRounds "5"]
[EventCountry "CAN"]
[SourceTitle "hb 2011"]

1. Nf3 Nf6 2. d4 g6 3. Bg5 Bg7 4. Nbd2 d6 5. e4 O-O 6. Be2 b6 7. O-O Bb7 8. Re1 Nbd7 9. e5 dxe5 10. dxe5 Nd5 11. e6 fxe6 12. Bc4 Bxb2 13. Rxe6 Rf7 14. Ne4 c6 15. Nd6 N7f6 16. Nxb7 Qd7 17. Re5 Bxa1 18. Qxa1 Qxb7 19. Qd4 Rd8 20. Bh6 Qd7 21. h3 c5 22. Qd3 e6 23. Qe2 Re7 24. Bg5 Kf7 25. g3 Qd6 26. Kg2 Nc7 27. Qe3 b5 28. Qf4 Ncd5 29. Bxd5 exd5 30. Rxe7+ Kxe7 31. Ne5 Rf8 32. Qe3 Kd8 33. Ng4 Kd7 34. Nxf6+ Rxf6 35. Bxf6 Qxf6 36. Qxc5 Qc6 37. Qxa7+ Kc8 38. Qd4 Kb7 39. h4 h5 40. Kf3 Qe6 41. Kf4 Qf5+ 42. Ke3 Kc6 43. a4 1/2-1/2

[Event "Open de Montreal"]
[Site "Montreal CAN"]
[Date "1993.05.23"]
[Round "5"]
[White "Gauthier, Raymond"]
[Black "Bolduc, Steve"]
[Result "0-1"]
[WhiteElo "1959"]
[BlackElo "2093"]
[PlyCount "71"]
[GameId "2160767912278832"]
[EventDate "1993.05.21"]
[EventType "swiss"]
[EventRounds "5"]
[EventCountry "CAN"]
[SourceTitle "hb 2011"]

1. e4 c6 2. Nc3 d5 3. Nf3 Bg4 4. h3 Bh5 5. Be2 e6 6. d3 Nf6 7. g4 Bg6 8. e5 Nfd7 9. d4 c5 10. Nb5 cxd4 11. Nbxd4 Nc6 12. Nxc6 bxc6 13. Bf4 Rb8 14. c3 Rxb2 15. O-O Bc5 16. Nd4 Qh4 17. Kg2 Qd8 18. Nxc6 Qb6 19. Nd4 O-O 20. a4 Qb8 21. Bb5 Bxd4 22. cxd4 Nf6 23. Bc1 Bc2 24. Qe1 Be4+ 25. Kg1 Rb3 26. f3 Bxf3 27. exf6 Rc8 28. Qe5 Qb6 29. Be3 Be4 30. Qg5 Bg6 31. Rac1 Rbc3 32. Rxc3 Rxc3 33. fxg7 a6 34. Qe7 Kxg7 35. Qf6+ Kf8 36. Bh6+ 0-1

[Event "Quebec-ch qual. 2"]
[Site "Quebec CAN"]
[Date "1993.04.30"]
[Round "1"]
[White "Bolduc, Steve"]
[Black "Kougioumoutzakis, Tony"]
[Result "1-0"]
[WhiteElo "2090"]
[BlackElo "1663"]
[PlyCount "105"]
[GameId "2160767912278905"]
[EventDate "1993.04.30"]
[EventType "swiss"]
[EventRounds "5"]
[EventCountry "CAN"]
[SourceTitle "hb 2011"]

1. d4 f5 2. e4 fxe4 3. Nc3 Nf6 4. f3 exf3 5. Nxf3 d5 6. Bd3 Bg4 7. h3 Bxf3 8. Qxf3 c5 9. O-O cxd4 10. Nb5 Nc6 11. Bg5 a6 12. Bxf6 gxf6 13. Bf5 e5 14. Be6 axb5 15. Qh5+ Ke7 16. Rxf6 Kd6 17. Raf1 Kc5 18. c3 dxc3 19. bxc3 Kb6 20. Rf7 Bc5+ 21. Kh1 Qd6 22. R1f6 Rxa2 23. Rd7 Ra1+ 24. Kh2 Bg1+ 25. Kg3 Qc5 26. Bxd5 Qxc3+ 27. Rf3 Qe1+ 28. Kg4 Ra4+ 29. Kg5 Qd2+ 30. Kf6 Rf4+ 31. Kg7 Rd8 32. Rxd8 Qxg2+ 33. Kxh7 Nxd8 34. Rxf4 exf4 35. Bxg2 Be3 36. Bf1 Bc5 37. Qf5 Nc6 38. Qxf4 b4 39. Qc4 Bd6 40. h4 Ne5 41. Qb5+ Kc7 42. h5 Nc6 43. h6 Be5 44. Bg2 Bc3 45. Kg8 Ne7+ 46. Kf7 Nc6 47. Bxc6 bxc6 48. Qc4 Kb6 49. h7 c5 50. Qxc3 bxc3 51. h8=Q Kb5 52. Qxc3 c4 53. Ke6 1-0

[Event "Quebec-ch qual. 2"]
[Site "Quebec CAN"]
[Date "1993.05.01"]
[Round "2"]
[White "Bolduc, Steve"]
[Black "Ghannoum, Marc"]
[Result "1/2-1/2"]
[WhiteElo "2090"]
[BlackElo "2201"]
[PlyCount "43"]
[GameId "2160767912278906"]
[EventDate "1993.04.30"]
[EventType "swiss"]
[EventRounds "5"]
[EventCountry "CAN"]
[SourceTitle "hb 2011"]

1. d4 Nf6 2. Nf3 g6 3. Bg5 Bg7 4. Nbd2 d5 5. e3 O-O 6. Bd3 Bf5 7. Bxf5 gxf5 8. Ne5 Ne4 9. Bf4 Nxd2 10. Qxd2 Nd7 11. g4 Nxe5 12. dxe5 Qd7 13. O-O-O fxg4 14. h3 g3 15. Rhg1 Rad8 16. Rxg3 Kh8 17. Rdg1 Rg8 18. Qd3 f5 19. h4 Qe6 20. Qc3 c5 21. h5 b6 22. Kb1 1/2-1/2

[Event "Quebec-ch qual. 2"]
[Site "Quebec CAN"]
[Date "1993.05.01"]
[Round "3"]
[White "St Amand, Paul Jr"]
[Black "Bolduc, Steve"]
[Result "1-0"]
[WhiteElo "2103"]
[BlackElo "2090"]
[PlyCount "59"]
[GameId "2160767912278909"]
[EventDate "1993.04.30"]
[EventType "swiss"]
[EventRounds "5"]
[EventCountry "CAN"]
[SourceTitle "hb 2011"]

1. e4 e5 2. Nf3 Nc6 3. Bb5 a6 4. Ba4 Nf6 5. O-O Be7 6. Re1 b5 7. Bb3 O-O 8. d4 d6 9. c3 Bg4 10. Be3 Qd7 11. Nbd2 Kh8 12. h3 Bh5 13. Bc2 Rae8 14. d5 Nb8 15. b3 c6 16. c4 Rc8 17. a4 b4 18. Rc1 c5 19. Nf1 Nxe4 20. Bxe4 f5 21. Nxe5 dxe5 22. Qxh5 fxe4 23. Ng3 Bd6 24. Nxe4 Qe7 25. Bg5 Qc7 26. Qh4 Rf5 27. Re2 Rcf8 28. Nxd6 Rf4 29. Bxf4 Rxf4 30. Qxf4 1-0

[Event "Quebec-ch qual. 2"]
[Site "Quebec CAN"]
[Date "1993.05.02"]
[Round "4"]
[White "Gadbois, Patrick"]
[Black "Bolduc, Steve"]
[Result "0-1"]
[WhiteElo "1779"]
[BlackElo "2090"]
[PlyCount "64"]
[GameId "2160767912278910"]
[EventDate "1993.04.30"]
[EventType "swiss"]
[EventRounds "5"]
[EventCountry "CAN"]
[SourceTitle "hb 2011"]

1. d4 d5 2. Nf3 Nf6 3. e3 e6 4. Bd3 c5 5. c3 Nc6 6. Nbd2 cxd4 7. exd4 Bd6 8. O-O O-O 9. Re1 Qc7 10. b3 e5 11. dxe5 Nxe5 12. Qc2 Bg4 13. h3 Bxf3 14. Nxf3 Nxf3+ 15. gxf3 Be5 16. Bb2 Rfe8 17. Kh1 Qc6 18. Rac1 g6 19. Qd2 Nh5 20. Rxe5 Rxe5 21. c4 d4 22. Kg2 Rd8 23. Rg1 Qf6 24. Be4 Rg5+ 25. Kf1 Rxg1+ 26. Kxg1 Nf4 27. Qa5 b6 28. Qxa7 Qg5+ 29. Kf1 Qg2+ 30. Ke1 Qg1+ 31. Kd2 Qxf2+ 32. Kc1 d3 0-1

[Event "Quebec-ch qual. 2"]
[Site "Quebec CAN"]
[Date "1993.05.02"]
[Round "5"]
[White "Bolduc, Steve"]
[Black "Beaulieu, Eric"]
[Result "1-0"]
[WhiteElo "2090"]
[BlackElo "1877"]
[PlyCount "75"]
[GameId "2160767912278912"]
[EventDate "1993.04.30"]
[EventType "swiss"]
[EventRounds "5"]
[EventCountry "CAN"]
[SourceTitle "hb 2011"]

1. d4 Nf6 2. Nf3 e6 3. Bg5 Be7 4. Nbd2 c5 5. e3 O-O 6. Bd3 d5 7. c3 Qc7 8. Ne5 Nbd7 9. f4 c4 10. Bc2 b5 11. g4 Nxe5 12. fxe5 Ne8 13. Nf3 f5 14. exf6 Nxf6 15. Bf4 Bd6 16. Ne5 Nd7 17. g5 Nxe5 18. Bxh7+ Kxh7 19. Qh5+ Kg8 20. dxe5 Bxe5 21. g6 Rf5 22. Bg5 Rxg5 23. Qxg5 Bf6 24. Qh5 Qe5 25. Qh7+ Kf8 26. O-O-O Qxe3+ 27. Kb1 Bb7 28. Rhf1 Ke7 29. Rxf6 Kxf6 30. Rf1+ Kg5 31. Ka1 Rf8 32. Rb1 Qe5 33. Rg1+ Kf4 34. Qh4+ Ke3 35. Qe1+ Kf4 36. Qg3+ Kf5 37. Rf1+ Ke4 38. Re1+ 1-0

[Event "Quebec-ch qual."]
[Site "Montreal CAN"]
[Date "1993.04.23"]
[Round "1"]
[White "Bolduc, Steve"]
[Black "Balogh, Alex"]
[Result "0-1"]
[WhiteElo "2095"]
[BlackElo "1882"]
[PlyCount "88"]
[GameId "2160767912278916"]
[EventDate "1993.04.23"]
[EventType "swiss"]
[EventRounds "5"]
[EventCountry "CAN"]
[SourceTitle "hb 2011"]

1. d4 Nf6 2. c4 g6 3. Nc3 Bg7 4. e4 d6 5. f4 c5 6. d5 O-O 7. Nf3 e6 8. Be2 exd5 9. e5 Nfd7 10. cxd5 dxe5 11. O-O e4 12. Nxe4 Nf6 13. Nc3 a6 14. a4 Qd6 15. Ne5 Nbd7 16. Nc4 Qb8 17. f5 Ne5 18. Bf4 Nfd7 19. fxg6 hxg6 20. Qb3 b6 21. Rae1 Qa7 22. Bf3 Nd3 23. Bd6 Nxe1 24. Rxe1 Rd8 25. Be7 Re8 26. Nd6 Ne5 27. Rxe5 Bxe5 28. Nxe8 Bd4+ 29. Kf1 Qxe7 30. d6 Qe3 31. Nf6+ Bxf6 32. Bxa8 Bd4 33. Qc2 Bf5 34. Be4 Bxc3 35. Qxc3 Qxe4 36. Qf6 Qe6 37. Qd8+ Kg7 38. Qxb6 Bd3+ 39. Kf2 Qe2+ 40. Kg3 Qe3+ 41. Kh4 g5+ 42. Kh5 Bg6+ 43. Kg4 Qf4+ 44. Kh3 Qh4# 0-1

[Event "Quebec-ch qual."]
[Site "Montreal CAN"]
[Date "1993.04.24"]
[Round "2"]
[White "Leger, Manon"]
[Black "Bolduc, Steve"]
[Result "0-1"]
[WhiteElo "1674"]
[BlackElo "2095"]
[PlyCount "106"]
[GameId "2160767912278917"]
[EventDate "1993.04.23"]
[EventType "swiss"]
[EventRounds "5"]
[EventCountry "CAN"]
[SourceTitle "hb 2011"]

1. d4 Nf6 2. c4 e6 3. Nc3 d5 4. Bg5 Nbd7 5. e3 c6 6. Nf3 Qa5 7. Qc2 Bb4 8. Bd3 dxc4 9. Bxc4 Ne4 10. Qxe4 Bxc3+ 11. bxc3 Qxc3+ 12. Ke2 Qxc4+ 13. Qd3 Qxd3+ 14. Kxd3 b6 15. Rhc1 Bb7 16. Bf4 Ke7 17. Ne5 Nxe5+ 18. Bxe5 f6 19. Bg3 Rhd8 20. Ke2 Rac8 21. f3 Ba6+ 22. Ke1 c5 23. dxc5 bxc5 24. Rd1 Bd3 25. Rac1 c4 26. Rc3 Rc6 27. e4 Ra6 28. Rd2 Rd7 29. Rb2 Rb6 30. Rxb6 axb6 31. Bf2 Rb7 32. a3 Kd6 33. Kd2 b5 34. g3 b4 35. axb4 Rxb4 36. Rxd3+ cxd3 37. Kxd3 Rb2 38. Ke3 Kc5 39. h4 Kc4 40. Be1 Rg2 41. Bf2 e5 42. f4 Rxf2 43. Kxf2 Kd4 44. Kf3 h5 45. fxe5 fxe5 46. g4 g6 47. gxh5 gxh5 48. Kf2 Kxe4 49. Ke2 Kf4 50. Kf2 Kg4 51. Kg2 Kxh4 52. Kh2 Kg4 53. Kg2 h4 0-1

[Event "Quebec-ch qual."]
[Site "Montreal CAN"]
[Date "1993.04.24"]
[Round "3"]
[White "Bolduc, Steve"]
[Black "Esterez, Emmanuel"]
[Result "1-0"]
[WhiteElo "2095"]
[BlackElo "1584"]
[PlyCount "35"]
[GameId "2160767912278918"]
[EventDate "1993.04.23"]
[EventType "swiss"]
[EventRounds "5"]
[EventCountry "CAN"]
[SourceTitle "hb 2011"]

1. d4 c5 2. d5 e5 3. e4 d6 4. f4 g6 5. Nf3 Bh6 6. fxe5 Bxc1 7. Qxc1 dxe5 8. Qe3 Qa5+ 9. Nc3 Nd7 10. Bb5 Qc7 11. O-O-O f6 12. d6 Qb6 13. Nd2 Qxd6 14. Nc4 Qd4 15. Rxd4 cxd4 16. Qd3 dxc3 17. Rd1 cxb2+ 18. Kxb2 1-0

[Event "Quebec-ch qual."]
[Site "Montreal CAN"]
[Date "1993.04.25"]
[Round "4"]
[White "Victor, Gary"]
[Black "Bolduc, Steve"]
[Result "0-1"]
[WhiteElo "1907"]
[BlackElo "2095"]
[PlyCount "82"]
[GameId "2160767912278919"]
[EventDate "1993.04.23"]
[EventType "swiss"]
[EventRounds "5"]
[EventCountry "CAN"]
[SourceTitle "hb 2011"]

1. d4 Nf6 2. c4 e6 3. Nc3 d5 4. cxd5 exd5 5. Bg5 Be7 6. e3 O-O 7. Bd3 c6 8. Qf3 Bg4 9. Qg3 Nbd7 10. Qh4 Bh5 11. Bxh7+ Kxh7 12. g4 Re8 13. Nge2 Ne4 14. Qxh5+ Kg8 15. Nxe4 dxe4 16. Bxe7 Qxe7 17. O-O-O Nf6 18. Qh4 Qe6 19. g5 Nd5 20. Kb1 Nb4 21. Nc3 Qc4 22. Qg4 a5 23. Qe2 Qe6 24. Rhg1 a4 25. Rg4 a3 26. b3 Qg6 27. h4 Nd3 28. Rg3 c5 29. h5 Qf5 30. g6 f6 31. d5 b5 32. Nxb5 Reb8 33. Nc3 c4 34. Qg4 Qxg4 35. Rxg4 Nxf2 36. Rxe4 cxb3 37. Red4 bxa2+ 38. Kxa2 Rb2+ 39. Ka1 Nxd1 40. Rxd1 Rc2 41. d6 a2 0-1

[Event "Quebec-ch qual."]
[Site "Montreal CAN"]
[Date "1993.04.25"]
[Round "5"]
[White "Bolduc, Steve"]
[Black "Caceres Cortes, Julio"]
[Result "1-0"]
[WhiteElo "2095"]
[BlackElo "1913"]
[PlyCount "121"]
[GameId "2160767912278920"]
[EventDate "1993.04.23"]
[EventType "swiss"]
[EventRounds "5"]
[EventCountry "CAN"]
[SourceTitle "hb 2011"]

1. d4 d5 2. c4 c6 3. Nf3 Nf6 4. Nc3 e6 5. Bg5 dxc4 6. e4 b5 7. e5 h6 8. Bh4 g5 9. Nxg5 hxg5 10. Bxg5 Be7 11. exf6 Bxf6 12. Bxf6 Qxf6 13. g3 Bb7 14. Bg2 a6 15. Ne4 Qe7 16. Nc5 a5 17. Qf3 Ra7 18. O-O Ba8 19. Rad1 Na6 20. Rfe1 Nb4 21. Qf4 Rc7 22. Qe5 Rh6 23. f4 Kd8 24. f5 Kc8 25. Qg7 Rf6 26. fxe6 fxe6 27. Qh8+ Rf8 28. Qh3 Kb8 29. Qxe6 Qh7 30. Qe4 Ka7 31. Qxh7 Rxh7 32. a3 Nd5 33. Bxd5 cxd5 34. Re6 Bb7 35. Nxb7 Kxb7 36. Rd6 Rf5 37. Re1 Rhf7 38. Re2 b4 39. axb4 axb4 40. Kg2 Kc7 41. Ra6 Kb7 42. Rae6 b3 43. h4 Rf1 44. Re7+ Kb6 45. Rxf7 Rxf7 46. h5 Kb5 47. g4 Rf4 48. Kg3 Rxd4 49. h6 Rd3+ 50. Kg2 c3 51. bxc3 Rxc3 52. h7 Rc2 53. Kf2 Rc8 54. g5 d4 55. g6 d3 56. Rd2 Kc4 57. g7 Kc3 58. h8=Q Rxh8 59. gxh8=Q+ Kxd2 60. Qb2+ Kd1 61. Ke3 1-0

[Event "Laval X"]
[Site "Laval CAN"]
[Date "1983.04.02"]
[Round "1"]
[White "Hua, Lefong"]
[Black "Bolduc, Steve"]
[Result "0-1"]
[WhiteElo "1858"]
[BlackElo "2031"]
[PlyCount "52"]
[GameId "2160767912279018"]
[EventDate "1993.04.02"]
[EventType "swiss"]
[EventRounds "5"]
[EventCountry "CAN"]
[SourceTitle "hb 2011"]

1. d4 Nf6 2. Bg5 g6 3. Bxf6 exf6 4. e3 Bg7 5. Qf3 O-O 6. Nh3 c5 7. d5 Qb6 8. b3 f5 9. c3 Qa5 10. Kd2 b5 11. Bd3 d6 12. Nf4 Nd7 13. Qg3 b4 14. Bxf5 bxc3+ 15. Kc2 Ne5 16. e4 c4 17. Nxc3 Nd3 18. Nfe2 gxf5 19. bxc4 fxe4 20. Nxe4 Nb4+ 21. Kd1 Qa4+ 22. Ke1 Nc2+ 23. Kd2 Nxa1 24. Rxa1 Qxc4 25. Nf6+ Kh8 26. Qxd6 Ba6 0-1

[Event "Laval X"]
[Site "Laval CAN"]
[Date "1993.04.03"]
[Round "2"]
[White "Cormier, Jean-Pierre"]
[Black "Bolduc, Steve"]
[Result "0-1"]
[WhiteElo "1545"]
[BlackElo "2031"]
[PlyCount "88"]
[GameId "2160767912279020"]
[EventDate "1993.04.02"]
[EventType "swiss"]
[EventRounds "5"]
[EventCountry "CAN"]
[SourceTitle "hb 2011"]

1. d4 Nf6 2. c4 g6 3. Nc3 Bg7 4. e4 d6 5. Be2 O-O 6. Nf3 e5 7. d5 Nbd7 8. h3 Nc5 9. Qc2 a5 10. Be3 Nh5 11. g3 f5 12. Bxc5 dxc5 13. O-O-O Nf6 14. Nd2 Ne8 15. Kb1 Nd6 16. Ka1 Bd7 17. a4 Qe7 18. h4 fxe4 19. Ndxe4 Nf5 20. d6 cxd6 21. Nd5 Qd8 22. b3 Nd4 23. Rxd4 exd4 24. Bd3 Be6 25. Nf4 Rxf4 26. gxf4 Qf8 27. h5 Qxf4 28. Ka2 Bf5 29. hxg6 hxg6 30. Rf1 Be5 31. Ng3 Bxd3 32. Qxd3 Kf7 33. Ne2 Qf5 34. Qd2 d3 35. Nc1 Bf4 36. Qxd3 Bxc1 37. Qxf5+ gxf5 38. Rxc1 Re8 39. Rc2 Re1 40. Kb2 Ke6 41. Rd2 f4 42. Kc3 Re4 43. Rd3 Re2 44. f3 Rf2 0-1

[Event "Laval X"]
[Site "Laval CAN"]
[Date "1993.04.04"]
[Round "4"]
[White "Bolduc, Steve"]
[Black "Daigle, Gilles"]
[Result "1-0"]
[WhiteElo "2031"]
[BlackElo "1968"]
[PlyCount "77"]
[GameId "2160767912279026"]
[EventDate "1993.04.02"]
[EventType "swiss"]
[EventRounds "5"]
[EventCountry "CAN"]
[SourceTitle "EXT 2022"]
[Source "ChessBase"]
[SourceDate "2021.10.06"]
[SourceVersion "1"]
[SourceVersionDate "2021.10.06"]
[SourceQuality "1"]

1. d4 Nf6 2. Nf3 g6 3. Bg5 Bg7 4. Nbd2 d6 5. e4 Nbd7 6. Be2 O-O 7. O-O h6 8. Bh4 c5 9. c3 a6 10. Qc2 Nh5 11. Nc4 Ndf6 12. a4 b6 13. Rad1 Qc7 14. Rfe1 Bb7 15. e5 dxe5 16. dxe5 Ng4 17. h3 Nxe5 18. Ncxe5 Bxe5 19. Nxe5 Qxe5 20. Bxa6 Qb8 21. Bc4 e6 22. Rxe6 Kh7 23. Red6 Qe8 24. Bxf7 Be4 25. Bxe8 Bxc2 26. R1d2 Rfxe8 27. Rxc2 Rxa4 28. g4 Ra1+ 29. Kh2 Nf4 30. Bg3 Ne2 31. Rxb6 Ng1 32. Kg2 g5 33. b4 Rf8 34. Rb7+ Kg6 35. Be5 h5 36. Rd2 hxg4 37. hxg4 Rf6 38. Bxf6 Kxf6 39. bxc5 1-0

[Event "Mauricie op"]
[Site "Trois-Rivieres CAN"]
[Date "1993.03.19"]
[Round "1"]
[White "Leveille, Francois"]
[Black "Bolduc, Steve"]
[Result "1-0"]
[WhiteElo "2339"]
[BlackElo "2052"]
[PlyCount "59"]
[GameId "2160767912279038"]
[EventDate "1993.03.19"]
[EventType "swiss"]
[EventRounds "5"]
[EventCountry "CAN"]
[SourceTitle "hb 2011"]

1. d4 Nf6 2. c4 e6 3. Nc3 d5 4. Nf3 Be7 5. Bg5 O-O 6. e3 h6 7. Bh4 b6 8. Bd3 Bb7 9. O-O Nbd7 10. Rc1 c5 11. Qe2 dxc4 12. Bxc4 Ne4 13. Bg3 Nxg3 14. hxg3 Bf6 15. Rfd1 Qe7 16. Ba6 Bc6 17. Bb5 Rac8 18. Bxc6 Rxc6 19. Ne4 Rfc8 20. dxc5 Nxc5 21. Nxf6+ gxf6 22. Nd4 R6c7 23. Qg4+ Kh7 24. Nb5 Rc6 25. Qh4 a6 26. Nd4 R6c7 27. b4 Nb7 28. Qe4+ Kh8 29. Qxb7 Rxb7 30. Rxc8+ 1-0

[Event "Mauricie op"]
[Site "Trois-Rivieres CAN"]
[Date "1993.03.20"]
[Round "2"]
[White "Bolduc, Steve"]
[Black "Germain, Michel"]
[Result "1-0"]
[WhiteElo "2052"]
[BlackElo "1881"]
[PlyCount "39"]
[GameId "2160767912279040"]
[EventDate "1993.03.19"]
[EventType "swiss"]
[EventRounds "5"]
[EventCountry "CAN"]
[SourceTitle "hb 2011"]

1. d4 b5 2. Nf3 Nf6 3. Bg5 Ne4 4. Bh4 Bb7 5. Nbd2 f5 6. e3 a6 7. Bd3 g6 8. Bxe4 fxe4 9. Ng5 e5 10. Qg4 Be7 11. dxe5 O-O 12. O-O Nc6 13. f4 exf3 14. Ndxf3 Rf5 15. Rad1 Qf8 16. Ne4 Rd8 17. Nf6+ Bxf6 18. Bxf6 Rxf6 19. exf6 Qxf6 20. Rxd7 1-0

[Event "Mauricie op"]
[Site "Trois-Rivieres CAN"]
[Date "1993.03.20"]
[Round "3"]
[White "Berube, Richard"]
[Black "Bolduc, Steve"]
[Result "1-0"]
[WhiteElo "2281"]
[BlackElo "2052"]
[PlyCount "39"]
[GameId "2160767912279044"]
[EventDate "1993.03.19"]
[EventType "swiss"]
[EventRounds "5"]
[EventCountry "CAN"]
[SourceTitle "hb 2011"]

1. d4 Nf6 2. Nf3 e6 3. Bg5 c5 4. e3 Qb6 5. Nbd2 Qxb2 6. Bd3 Qb6 7. O-O Nc6 8. Rb1 Qd8 9. c4 Be7 10. dxc5 Bxc5 11. Ne4 Be7 12. Bxf6 Bxf6 13. Nd6+ Ke7 14. c5 Qc7 15. Be4 Ne5 16. Nxc8+ Rhxc8 17. Rxb7 Nxf3+ 18. Bxf3 Qd8 19. Qd6+ Ke8 20. c6 1-0

[Event "Mauricie op"]
[Site "Trois-Rivieres CAN"]
[Date "1993.03.21"]
[Round "4"]
[White "Bolduc, Steve"]
[Black "Picard, Jean"]
[Result "0-1"]
[WhiteElo "2052"]
[BlackElo "2027"]
[PlyCount "36"]
[GameId "2160767912279048"]
[EventDate "1993.03.19"]
[EventType "swiss"]
[EventRounds "5"]
[EventCountry "CAN"]
[SourceTitle "hb 2011"]

1. d4 Nf6 2. Nf3 g6 3. Bg5 Ne4 4. Bh4 Bg7 5. Nbd2 d5 6. e3 c5 7. Bd3 Bf5 8. dxc5 Bxb2 9. Rb1 Nc3 10. Rxb2 Nxd1 11. Kxd1 Bxd3 12. cxd3 b6 13. d4 bxc5 14. dxc5 Nc6 15. Ke2 Qa5 16. Rc1 Qa6+ 17. Ke1 O-O 18. Nd4 Ne5 0-1

[Event "Carnaval"]
[Site "Quebec CAN"]
[Date "1993.02.05"]
[Round "1"]
[White "Roy, Roger"]
[Black "Bolduc, Steve"]
[Result "0-1"]
[WhiteElo "1850"]
[BlackElo "2043"]
[PlyCount "80"]
[GameId "2160767912279140"]
[EventDate "1993.02.05"]
[EventType "swiss"]
[EventRounds "5"]
[EventCountry "CAN"]
[SourceTitle "hb 2011"]

1. d4 d5 2. Nf3 Nf6 3. Bf4 c6 4. c3 Bg4 5. Nbd2 Nbd7 6. h3 Bxf3 7. Nxf3 g6 8. e3 Bg7 9. Be2 O-O 10. Ne5 Ne4 11. Nxd7 Qxd7 12. Bf3 f5 13. Bxe4 fxe4 14. Qg4 Rf5 15. h4 Qe8 16. h5 Rxh5 17. Rxh5 gxh5 18. Qe6+ Qf7 19. Qxf7+ Kxf7 20. Ke2 Kg6 21. Rh1 Bf6 22. Rh3 h4 23. g3 hxg3 24. Rh6+ Kg7 25. fxg3 Re8 26. g4 e5 27. dxe5 Bxe5 28. g5 c5 29. Bxe5+ Rxe5 30. Rd6 Rxg5 31. Rd7+ Kg6 32. Rxb7 h5 33. Rxa7 h4 34. Ra8 h3 35. Rh8 Rh5 36. Rg8+ Kf5 37. Rg1 h2 38. Rh1 Kg4 39. Kf2 Kh3 40. a4 Rf5+ 0-1

[Event "Carnaval"]
[Site "Quebec CAN"]
[Date "1993.02.06"]
[Round "3"]
[White "Groleau, Gilles"]
[Black "Bolduc, Steve"]
[Result "0-1"]
[WhiteElo "1927"]
[BlackElo "2043"]
[PlyCount "68"]
[GameId "2160767912279143"]
[EventDate "1993.02.05"]
[EventType "swiss"]
[EventRounds "5"]
[EventCountry "CAN"]
[SourceTitle "hb 2011"]

1. e4 c6 2. d4 d5 3. exd5 cxd5 4. Bd3 Nc6 5. c3 Nf6 6. Bf4 Bg4 7. Qb3 Qc8 8. Nd2 e6 9. Ngf3 Be7 10. O-O O-O 11. Rae1 Bh5 12. Ne5 Nd7 13. Ndf3 Bf6 14. Qc2 Bg6 15. Bxg6 hxg6 16. Nxd7 Qxd7 17. Ne5 Nxe5 18. Bxe5 b5 19. Qe2 a5 20. Qg4 b4 21. Re3 Rfc8 22. Rh3 Qe7 23. f4 Rc4 24. f5 exf5 25. Rxf5 Bxe5 26. Rg5 f5 27. Qh4 Kf7 28. g4 Bf6 29. gxf5 Bxg5 30. fxg6+ Ke6 31. Qg4+ Kd6 32. Rf3 Bf6 33. Qf4+ Kc6 34. Re3 Qd7 0-1

[Event "Carnaval"]
[Site "Quebec CAN"]
[Date "1993.02.07"]
[Round "4"]
[White "Bolduc, Steve"]
[Black "Desjardins, Andre"]
[Result "1/2-1/2"]
[WhiteElo "2043"]
[BlackElo "1946"]
[PlyCount "72"]
[GameId "2160767912279146"]
[EventDate "1993.02.05"]
[EventType "swiss"]
[EventRounds "5"]
[EventCountry "CAN"]
[SourceTitle "hb 2011"]

1. d4 f5 2. Nf3 Nf6 3. g3 e6 4. Bg2 d5 5. O-O Be7 6. c4 O-O 7. b3 c6 8. Ba3 Bxa3 9. Nxa3 Nbd7 10. Rc1 Qa5 11. Nb1 Qxa2 12. Ne5 Qa5 13. Nd3 Qd8 14. Nc3 Qe7 15. Re1 Ne4 16. f3 Nxc3 17. Rxc3 Qf6 18. Nf4 g5 19. Nh3 Nb6 20. e4 Bd7 21. c5 Nc8 22. e5 Qd8 23. Qd2 h6 24. Ra1 Be8 25. f4 g4 26. Nf2 h5 27. h4 Bd7 28. Rc2 Qc7 29. Rca2 a6 30. Qa5 Qxa5 31. Rxa5 Kf7 32. Bf1 Ke7 33. Nd3 Kd8 34. b4 Kc7 35. Nb2 Na7 36. Be2 Rab8 1/2-1/2